| 000 | 00953ngm a2200253 a 4500 | ||
|---|---|---|---|
| 005 | 20220317001249.0 | ||
| 008 | 160825s1991 ck g 000 0 spa | ||
| 082 | 0 | 4 |
_a791.43 _bM14d |
| 245 | 1 | 0 |
_aDanzón _cdirección María Novaro _hvideograbación |
| 250 | _a1a. edición | ||
| 300 |
_a1 videocasete en VHS (120 minutos) _bsonido, color _c20 cm |
||
| 490 | _aLa maleta | ||
| 500 | _aLa película pertenece a la colección La Maleta. Dirigida para un público adulto | ||
| 650 | 1 | 4 |
_2LEMB _aPelículas cinematográficas mexicanas _vVideocasetes |
| 650 | 1 | 4 |
_2LEMB _aCine de aventuras _vVideocasetes |
| 650 | 1 | 4 |
_2LEMB _aCine latinoamericano _vVideocasetes |
| 700 | 1 |
_aNovaro, María _d1951- _968488 |
|
| 942 |
_2ddc _cVIDEOCASET |
||
| 264 |
_aBogotá _bMinisterio de Cultura _c1991 |
||
| 336 |
_atexto _btxt _2rdacontent |
||
| 337 |
_asin mediación _bn _2rdamedia |
||
| 338 |
_avolumen _bnc _2rdacarrier |
||
| 040 |
_aCO-BoRNBP _bspa _erda _cCO-BoRNBP |
||
| 999 |
_c6431 _d6431 |
||